[Event "New York Winter Invitational GM-B 2022"]
[Site "New York"]
[Date "2022.01.16"]
[Round "5.1"]
[White "Tsay, Vincent"]
[Black "Barbosa, Oliver"]
[Result "1/2-1/2"]
[WhiteElo "2295"]
[BlackElo "2510"]
[Annotator "TA"]
[PlyCount "63"]
[EventDate "2022.01.11"]
[EventType "tourn"]
[EventCountry "USA"]
[SourceTitle "playchess.com"]
[Source "ChessBase"]
[SourceQuality "1"]

{[%evp 15,63,9,16,25,38,37,49,40,62,51,56,51,97,95,94,98,125,121,129,130,112,112,242,127,109,89,91,44,43,18,75,68,72,18,20,20,17,16,20,20,20,20,20,0,18,18,35,5,5,5]} 1. d4 Nf6 2. Nf3 d5 3. c4 e6 4. g3 Bb4+ 5. Nbd2 O-O 6. Bg2 b6 7. O-O Bb7 8. Ne5 Nbd7 9. Qa4 {E16: Queen's Indian: 4 g3 Bb7 5 Bg2 Bb4+.} Bxd2 10. Bxd2 c5 11. Nxd7 {[#] White is slightly better.} Nxd7 $146 ({Predecessor:} 11... Qxd7 12. Qxd7 Nxd7 13. Rfd1 cxd4 14. Bb4 Rfe8 15. Rxd4 Nf6 16. cxd5 Bxd5 17. Bxd5 Nxd5 {½-½ (44) Chu,R (2270)-Guo,Q (2413) China 2017}) 12. cxd5 exd5 13. Rac1 Qc8 (13... Re8 $14) 14. b3 $16 Bc6 15. Qa3 Qb7 16. dxc5 bxc5 {[#]} 17. Be3 c4 18. Rfd1 Rfc8 (18... Rfe8 $16 {was called for.}) 19. Rd4 (19. bxc4 $18 d4 20. Bxc6 Rxc6 21. Rxd4) 19... cxb3 20. axb3 {[%cal Oc1c6]} Nf6 21. Rcd1 ({White should try} 21. Bh3 $16 {Threatens to win with Rb4.} Bd7 22. Rxc8+ Bxc8 23. Bg2) 21... a5 $14 {To avoid Rb4} 22. Rh4 Rab8 (22... Ne4 $1 $11 {keeps the balance.}) 23. Bd4 $16 {And now Bxf6 would win. White is much more active. A strong pair of Bishops.} Qxb3 {[#]} 24. Qxb3 (24. Qa1 $1 $16) 24... Rxb3 $11 25. Bxf6 gxf6 26. Bxd5 Rb4 27. Rxb4 axb4 28. Bxc6 Rxc6 29. Rd8+ Kg7 30. Rb8 Rc2 31. Rxb4 {Black should prevent Rg4+.} Rxe2 32. Kg2 {Weighted Error Value: White=0.14 (very precise) /Black=0.21 (precise)} 1/2-1/2

[Event "New York Winter Invitational GM-B 2022"]
[Site "New York"]
[Date "2022.01.16"]
[Round "5.2"]
[White "Grinberg, Eyal"]
[Black "Mandizha, Farai"]
[Result "1/2-1/2"]
[WhiteElo "2492"]
[BlackElo "2377"]
[Annotator "TA"]
[PlyCount "140"]
[EventDate "2022.01.11"]
[EventType "tourn"]
[EventCountry "USA"]
[SourceTitle "playchess.com"]
[Source "ChessBase"]
[SourceQuality "1"]

{[%evp 15,140,12,14,0,27,25,21,22,14,9,24,27,33,16,26,0,0,-14,72,77,73,85,79,67,65,68,87,93,132,132,150,135,198,112,95,86,84,84,65,59,57,61,82,87,129,68,105,71,166,45,70,68,75,59,77,0,43,56,44,45,52,0,0,0,0,0,8,8,8,0,9,0,15,0,29,16,43,22,12,12,16,28,38,0,0,0,0,0,0,-126,-64,-70,-77,-75,0,-117,-110,-148,-154,-189,-108,-168,-156,-148,-158,-219,-219,-216,-150,-161,0,-193,-161,-166,-155,-137,-1,-3,-4,0,0,0,0,0,0,-10,-10]} 1. e4 c5 2. Nf3 d6 3. d4 cxd4 4. Nxd4 Nf6 5. Nc3 a6 6. Be2 e5 7. Nb3 Be6 8. O-O Be7 9. Qd3 {B92: Sicilian Najdorf: 6 Be2.} Nbd7 10. Nd5 Bxd5 11. exd5 O-O 12. Bd2 a5 13. a4 Qc7 14. Rfd1 Rfc8 {[#]} 15. Bc3 $146 ({Predecessor:} 15. Rac1 g6 16. h3 Bf8 17. Qf3 Bg7 18. Bb5 Nc5 19. Nxc5 Qxc5 20. Bg5 Nh5 21. c3 {½-½ (63) Hou,Y (2676)-Nepomniachtchi,I (2720) Dortmund 2015}) 15... Bd8 16. Qh3 Nc5 (16... g6 $11) 17. Bxa5 $16 b6 18. Bb4 Nxa4 {[#]} 19. Bxd6 $1 Qxd6 {[#]} 20. Rxa4 Rab8 (20... g6 21. Rxa8) 21. c3 {White is much more active.} Rc7 22. Bb5 g6 23. Qd3 Re7 (23... Rcc8 $16 24. g3 Be7) 24. Rc4 (24. g3 $18) 24... e4 25. Qg3 (25. Qe2 {is more complex.} Bc7 26. g3 Rd8 27. Rc6 Qe5 28. c4) 25... Qxg3 26. hxg3 {Hoping for Nd4.} Re5 27. Bc6 b5 28. Rb4 e3 29. fxe3 (29. Rxb5 $6 Rxb5 30. Bxb5 exf2+ 31. Kxf2 Ng4+ 32. Kg1 Bb6+ 33. Nd4 Rxd5 $11) 29... Rxe3 (29... Bb6 $142) 30. Nd4 (30. Bxb5 $6 Bb6 31. Kf1 Ne4 $11) (30. Rxb5 $6 Rxb5 31. Bxb5 Bb6 $11) (30. d6 $1 $16) 30... Bc7 31. Rxb5 Rd8 (31... Rxb5 $16 {was called for.} 32. Nxb5 Bb6) 32. Rf1 (32. c4 $1 $18) 32... Be5 33. Rb7 Rxg3 34. Nf3 Bf4 35. Nd4 Be5 36. Nb3 h5 37. Nd2 Rg4 {Prevents Nc4.} 38. Nf3 ({Better is} 38. Rf3 $1 $14) 38... Bf4 $11 39. Rb4 Be3+ (39... Nxd5 40. Rd1 Rxg2+ 41. Kxg2 $16) 40. Kh2 Bc5 ({Don't take} 40... Nxd5 41. Rd1 Bc5 42. Rxg4 (42. Rxd5 Rxd5 43. Rxg4 Bd6+ 44. g3 Rc5 $11) (42. Bxd5 Bxb4 43. Bxf7+ Kxf7 $16) 42... hxg4 43. Bxd5 $16) 41. Rxg4 hxg4 42. Nd2 Bd6+ 43. g3 Kg7 44. Kg2 Bb8 45. c4 Be5 46. b3 (46. Rb1 $5 {[%cal Rb2b4]}) 46... Bc3 47. Rf2 Bb4 48. Re2 Rh8 49. Nf1 Rh5 50. Re3 Rf5 51. Re2 Rf3 52. Ba4 {[#]} (52. Re3 $11 {remains equal.} Rf5 53. Nh2) 52... Rd3 (52... Rc3 $1 $17) 53. Re3 Rd4 {[%mdl 1024] Black has compensation.} 54. Re2 {[#]} Rd3 ({Black should play} 54... Ne4 $1 $17) 55. Rc2 (55. Re3 $11 Rd4 56. Re2) 55... Ne4 $17 56. Re2 f5 57. Re3 Rd4 (57... Rd1 $19 58. Re2 Rc1) 58. Bc6 (58. Re2 $17) 58... Rd1 $19 59. Re2 {[%cal Od5d6]} Rb1 60. Ba4 (60. Rc2 $17 Rxb3 61. d6 Nxd6 62. c5) 60... Bc5 {[%cal Ob1f1] aiming for ...Rxf1!} 61. Rc2 Re1 62. Bc6 Rb1 63. Ba4 $1 Ng5 64. d6 Bxd6 65. c5 {[%cal Bc4c5,Bc5d6,Bd6d7][%mdl 32]} Nf3 66. cxd6 $11 {The position is equal.} Ne1+ 67. Kf2 {Strongly threatening d7.} Nxc2 68. d7 $1 Rd1 69. b4 $1 Kf6 70. Bxc2 Rxd7 {What a bad dream for Black.  Weighted Error Value: White=0.28 (precise) /Black=0.18 (very precise)} 1/2-1/2

[Event "New York Winter Invitational GM-B 2022"]
[Site "New York"]
[Date "2022.01.16"]
[Round "5.3"]
[White "Tian, Eddy"]
[Black "Perez, Robert"]
[Result "1/2-1/2"]
[WhiteElo "2411"]
[BlackElo "2362"]
[Annotator "TA"]
[PlyCount "52"]
[EventDate "2022.01.11"]
[EventType "tourn"]
[EventCountry "USA"]
[SourceTitle "playchess.com"]
[Source "ChessBase"]
[SourceQuality "1"]

{[%evp 18,52,12,21,8,13,13,11,37,0,-4,-7,0,0,5,2,8,5,2,3,6,2,5,-47,-51,-56,-26,-24,-21,-25,-20,-40,-21,-50,-54,-55,-35]} 1. d4 Nf6 2. c4 g6 3. g3 c6 4. Bg2 d5 5. Nf3 Bg7 6. O-O O-O 7. cxd5 cxd5 8. Nc3 Ne4 {The modern move.} 9. Ne5 Bf5 10. Bf4 Nxc3 {D79: Fianchetto Grünfeld: Symmetrical Variation (6 0-0 c6 7 cxd5 cxd5).} 11. bxc3 Nc6 12. Qb3 Nxe5 {The position is equal.} 13. Bxe5 (13. dxe5 $14 e6 14. c4 (14. Qxb7 g5 $11)) 13... Bxe5 $11 14. dxe5 Qc7 $1 15. Qxd5 Rab8 16. Qd4 b6 {[#]} 17. a4 $146 ({Predecessor:} 17. c4 Rfd8 18. Qf4 Be6 19. Rfc1 Qc5 20. e3 Rbc8 21. a4 Qa5 22. h4 Rc5 23. h5 {1-0 (35) Kosic,D (2435)-Trifunov,M (2265) Cetinje 1992}) 17... Rfd8 18. Qe3 Rbc8 {[%cal Bb8c8,Bc8c5,Bc5e5][%mdl 32]} 19. Rfc1 Qc5 20. a5 (20. Qxc5 $11 Rxc5 21. f4) 20... Qxe3 $15 21. fxe3 Rc5 22. axb6 axb6 {[%cal Ba7b6,Bb6b5][%mdl 32]} 23. Kf2 Rdc8 24. Ra4 Rxe5 25. Rb4 b5 $1 26. Bb7 Rb8 {Weighted Error Value: White=0.12 (very precise) /Black=0.05 (flawless)} 1/2-1/2

[Event "New York Winter Invitational GM-B 2022"]
[Site "New York"]
[Date "2022.01.16"]
[Round "5.4"]
[White "Korley, Kassa"]
[Black "Rohde, Michael"]
[Result "0-1"]
[WhiteElo "2394"]
[BlackElo "2345"]
[Annotator "TA"]
[PlyCount "50"]
[EventDate "2022.01.11"]
[EventType "tourn"]
[EventCountry "USA"]
[SourceTitle "playchess.com"]
[Source "ChessBase"]
[SourceQuality "1"]

{[%evp 24,50,0,-22,44,50,73,16,13,7,13,12,28,1,2,4,6,11,8,8,11,0,0,0,0,-146,-151,-221,-225]} 1. d4 Nf6 2. c4 e6 3. Nf3 b6 4. g3 Bb7 5. Bg2 Be7 6. O-O O-O 7. d5 exd5 8. Nh4 c6 9. cxd5 Nxd5 10. Nf5 Nc7 11. e4 d5 12. Nc3 Bf6 13. Bf4 Nd7 {E17: Queen's Indian: 4 g3 Bb7 5 Bg2 Be7.} ({Better is} 13... Bc8 $11) 14. Re1 $14 {[%cal Re4d5]} d4 {[#]} 15. Nxd4 (15. e5 $1 $16 {[%cal Re5f6]} Bxe5 16. Qg4) 15... Ne5 $11 {The position is equal.} 16. Nf5 Ne6 {[%cal Bc7e6,Be6d4,Bd4f3][%mdl 32] [#]} 17. Bxe5 $146 ({Predecessor:} 17. Qc2 Qd3 18. Qe2 Qxe2 19. Rxe2 Rfd8 20. Rd1 Rxd1+ 21. Nxd1 Rd8 22. Rd2 Nxf4 23. Rxd8+ Bxd8 24. gxf4 {0-1 (50) Dolezal,M (2315)-Tichy,V (2380) Prague 1990}) 17... Bxe5 18. f4 (18. Qg4 {looks sharper.} g6 19. Rad1 h5 20. Rxd8 hxg4 21. Nh6+) 18... Bd4+ 19. Nxd4 Qxd4+ 20. Qxd4 Nxd4 21. Rad1 c5 22. Kf2 Rad8 23. Rd2 f5 24. e5 (24. Red1 $11 {keeps the balance.}) 24... Bxg2 $17 25. Kxg2 {[#]} (25. e6 $17 {was called for.} Nxe6 26. Rxd8 Rxd8 27. Kxg2) 25... Nf3 $1 {[%mdl 512] Weighted Error Value: White=0.39/Black=0.13 (very precise)} 0-1

[Event "New York Winter Invitational GM-B 2022"]
[Site "New York"]
[Date "2022.01.16"]
[Round "5.5"]
[White "Martinez Alcantara, Jose Eduardo"]
[Black "Jacobson, Brandon"]
[Result "1-0"]
[WhiteElo "2615"]
[BlackElo "2530"]
[Annotator "TA"]
[PlyCount "88"]
[EventDate "2022.01.11"]
[EventType "tourn"]
[EventCountry "USA"]
[SourceTitle "playchess.com"]
[Source "ChessBase"]
[SourceQuality "1"]

{[%evp 12,88,26,3,29,21,21,16,30,24,25,26,32,23,23,17,10,-2,-8,0,0,0,0,-43,-31,-84,-80,-86,-85,-125,-77,-72,-68,-70,0,0,0,-45,-36,-39,-50,-75,-55,-88,-76,-80,-73,-146,-70,-66,-72,-89,-64,-105,-109,-197,-161,-159,-161,-143,-150,-317,-327,-329,-325,-391,-349,-322,0,0,0,0,12,13,13,22,25,25,927]} 1. e4 c5 2. Nf3 {[%cal Bg1f3,Bf3d4,Bd4b5][%mdl 32]} d6 3. d4 cxd4 4. Nxd4 Nf6 5. Nc3 Nc6 6. Bg5 e6 7. Qd3 Bd7 {B62: Sicilian: Richter-Rauzer: 6...e6: Unusual White 7th moves.} 8. Ndb5 {aiming for 0-0-0.} Nb4 9. Qd1 Qb8 {[#] The position is equal.} 10. Qd2 $1 $146 {[%mdl 8] White wants to play Bxf6. A relevant novelty.} ({Predecessor:} 10. Bxf6 gxf6 11. Be2 h5 12. O-O h4 13. Na3 Nc6 14. Nc4 Ne5 15. Ne3 b5 16. a4 bxa4 {½-½ (68) Saric,I (2652)-Papp,G (2601) Austria 2021}) 10... a6 $1 11. Bxf6 gxf6 12. Nd4 Nc6 13. O-O-O b5 {[%cal Bb7b5,Bb5b4][%mdl 32]} 14. Nxc6 (14. Nce2 {keeps more tension.} Qb7 15. f3 h5 16. Kb1 Ne5 17. Qe1) 14... Bxc6 15. Bd3 b4 16. Ne2 Qb6 {To avoid Nd4} 17. Ng3 (17. Kb1 $11) 17... h5 18. Qe2 (18. h4 $15) 18... Qc5 $17 19. Kb1 a5 20. f4 {[%cal Oe4e5]} h4 ({Black should play} 20... a4 $1 {And now ...a3 would win.} 21. e5 fxe5) 21. Nf1 {[%cal Bg3f1,Bf1d2,Bd2b3][%mdl 32]} a4 22. Nd2 a3 (22... Ke7 $15) 23. Nb3 $11 Qb6 24. f5 (24. Bc4 $11) 24... e5 25. Bc4 $1 axb2 $40 {[%mdl 128] Black mounts an attack.} 26. Kxb2 Qa7 27. Nc1 Bh6 $1 (27... d5 28. Bxd5 Qa6 29. Rhe1 $14) 28. Kb1 Ke7 29. Rhe1 {[#]} (29. Qh5 $142 Raf8 30. Qf3) 29... Bxc1 {This bishop pair is nice.} (29... Ba4 $1 $17 {Hoping for ...Rhc8.} 30. Qh5 Raf8) 30. Qd3 $1 $15 {[#]} Qc5 31. Kxc1 (31. Rxc1 Rhg8) 31... Rhg8 32. Rd2 (32. g3 $1 $15) 32... Rg4 $17 33. Kb1 (33. g3 $17) 33... Rc8 {[%cal Oc6e4]} 34. Bb3 {[#]} Rcg8 $1 35. Qf3 R8g5 36. a4 $2 (36. Kc1 $17 {was worth a try.}) 36... bxa3 $19 37. Ka2 Qb4 38. Red1 Bxe4 39. Qe3 Rxg2 $2 ({Much less strong is} 39... Qc5 40. Qxc5 dxc5 41. Rd7+ Kf8 42. Rxf7+ Ke8 43. Rc7 $18) ({Better is} 39... Kf8 $19 40. g3 hxg3) 40. Qa7+ $11 Bb7 {Strongly threatening ...Rg8.} 41. Qb8 {White wants to mate with Qc7+.} Rxd2 (41... d5 $5 {[%cal Rg2d2]} 42. Qc7+ Kf8 43. Rxd5 Bxd5 44. Rxd5 Kg7 $11) 42. Qc7+ Ke8 43. Rxd2 {Really sharp!} d5 (43... Qxd2 $2 44. Qb8+ Bc8 45. Qxc8+ Ke7 46. Qc7+ Ke8 47. Bxf7+ Kf8 48. Be6 Qxc2+ 49. Qxc2 $18) (43... Rxf5 $2 44. Rxd6 $18) 44. Qb8+ {[%mdl 1024] White has compensation.} Kd7 $2 {[%mdl 8192] What a bad dream for Black.  Weighted Error Value: White=0.21 (precise) /Black=0.20 (precise)} (44... Ke7 $11 45. Rxd5 Qb6) 1-0

[Event "New York Winter Invitational GM-B 2022"]
[Site "New York"]
[Date "2022.01.16"]
[Round "6.1"]
[White "Barbosa, Oliver"]
[Black "Jacobson, Brandon"]
[Result "1/2-1/2"]
[WhiteElo "2510"]
[BlackElo "2530"]
[Annotator "TA"]
[PlyCount "125"]
[EventDate "2022.01.11"]
[EventType "tourn"]
[EventCountry "USA"]
[SourceTitle "playchess.com"]
[Source "ChessBase"]
[SourceQuality "1"]

{[%evp 12,125,3,6,-7,0,12,0,0,0,0,0,0,0,0,0,0,0,2,-9,0,0,0,-4,-4,-9,-10,-2,0,0,0,-6,-7,-15,-15,-13,-4,-6,-6,-13,0,-5,-19,-16,0,0,0,-42,-42,-52,-17,-60,0,0,0,0,25,0,0,0,0,0,0,0,0,0,0,0,0,0,0,0,0,0,0,0,0,0,0,0,0,-16,0,-9,0,0,0,-112,-8,-8,0,0,0,0,0,0,0,0,0,0,0,0,0,0,0,0,0,0,0,0,0,0,0,0,0,0]} 1. d4 Nf6 2. Nf3 g6 3. Bg5 Bg7 4. Nbd2 O-O 5. c3 d5 6. e3 Nbd7 7. h3 Re8 {D03: 1 d4 d5 2 Nf3 Nf6 3 Bg5, including Torre Attack with early ...d5.} 8. Bf4 Nh5 9. Bh2 e5 10. dxe5 Nxe5 11. Nxe5 Bxe5 12. Bxe5 Rxe5 {[#]} 13. Be2 $146 ({Predecessor:} 13. Nf3 Re8 14. Qd4 Bf5 15. O-O-O Nf6 16. Nd2 Qd6 17. Qh4 Bd7 18. Bd3 c5 19. Rhe1 Kg7 20. e4 dxe4 21. Nxe4 Nxe4 22. Bxe4 Qb6 {0-1 (22) Brotherton,T (2117)-Ionita,M ICCF email 2014}) 13... Nf6 14. O-O Re8 15. Nf3 c5 16. Qb3 Qc7 17. Rfe1 Be6 {[%cal Od5d4]} 18. c4 Rad8 19. Rad1 b6 20. Ng5 Qe5 21. Nf3 {[#]} dxc4 $1 22. Bxc4 {[#]} Bxc4 $1 23. Qxc4 Qe7 (23... Qxb2 $2 24. Ng5 Rf8 25. Rxd8 Rxd8 26. Qxf7+ Kh8 27. Qxa7 $18) 24. a3 Ne4 25. Qc2 Qe6 26. Rxd8 Rxd8 27. Rd1 Rd5 28. Rxd5 Qxd5 29. Kf1 (29. Qa4 $11 {is superior.}) 29... b5 $15 30. Ke2 a5 31. Nd2 (31. Ne1 $11) 31... Nd6 (31... Nxd2 $1 $15 32. Qxd2 Qb3) 32. Qd3 $11 Qe5 33. b3 Kf8 34. g4 Ke7 35. a4 bxa4 36. bxa4 Qb2 37. Qb3 Qc1 (37... Qxb3 38. Nxb3 Nb7 39. Kd3 $14) 38. Qb8 (38. Qb6 $2 Qxd2+ $3 {[%mdl 512]} 39. Kxd2 Nc4+ 40. Kd3 Nxb6 $19) 38... c4 39. Qa7+ Ke6 40. Nf3 ({Much worse is} 40. Qd4 Qc2 41. Ke1 (41. e4 $2 c3 $19) 41... Qc1+ 42. Ke2 Qc2 $17) 40... Qc2+ 41. Ke1 Qb1+ 42. Ke2 {And now Nd4+ would win.} Qb2+ 43. Ke1 {Strongly threatening Nd4+.} Qb4+ 44. Kf1 c3 {Hoping for ...c2.} 45. Nd4+ Kf6 46. Qd7 Qc4+ 47. Kg1 Ne4 {...c2 is the strong threat.} 48. g5+ Kg7 49. Qe7 {[#]} (49. Qd8 $11) 49... Qd5 (49... c2 $1 $17 50. Qe5+ Kf8 51. Qb8+ Ke7 52. Qa7+ Ke8 53. Qb8+ Kd7 54. Qb7+ Qc7 55. Qxc7+ Kxc7 56. Nxc2 Nxg5) 50. h4 {The position is equal.} c2 51. Qc7 Nc5 52. Nxc2 Qd1+ 53. Kg2 $1 Qxc2 54. Qe5+ Kg8 55. Qe8+ Kg7 56. Qe5+ Kf8 57. Qb8+ $1 Ke7 (57... Kg7 $5 58. Qe5+ $11) 58. Qc7+ Ke8 {[%cal Oc5d3]} 59. Qc8+ Ke7 60. Qc7+ Ke6 {[%cal Oc5d3] Threatens to win with ...Nd3!} 61. Qc6+ Ke5 {aiming for ...Qe4+.} 62. Qf6+ Kd5 63. Qxf7+ {Weighted Error Value: White=0.07 (flawless) /Black=0.08 (flawless)} 1/2-1/2

[Event "New York Winter Invitational GM-B 2022"]
[Site "New York"]
[Date "2022.01.16"]
[Round "6.2"]
[White "Rohde, Michael"]
[Black "Martinez Alcantara, Jose Eduardo"]
[Result "0-1"]
[WhiteElo "2345"]
[BlackElo "2615"]
[Annotator "TA"]
[PlyCount "108"]
[EventDate "2022.01.11"]
[EventType "tourn"]
[EventCountry "USA"]
[SourceTitle "playchess.com"]
[Source "ChessBase"]
[SourceQuality "1"]

{[%evp 17,108,0,0,0,0,-7,-13,-76,0,-56,-70,-67,-36,-50,-51,-54,-58,-52,-22,-81,0,0,0,-65,-42,-36,-9,-69,-24,-33,-9,-11,-9,-39,-39,-65,-9,-35,-27,-84,-61,-68,-68,-101,-101,-101,-101,-101,-105,-102,-96,-102,-87,-87,-87,-99,-87,-102,-102,-102,-102,-102,-77,-79,-88,-102,-68,-99,-79,-86,-51,-152,-144,-183,-191,-169,-179,-191,-199,-191,-197,-351,-340,-576,-550,-710,-662,-685,-685,-789,-780,-1455,-1283]} 1. Nf3 c5 2. c4 Nc6 3. d4 cxd4 4. Nxd4 Nf6 5. Nc3 e6 6. g3 Qb6 7. Nb3 Ne5 8. e4 Bb4 9. Qe2 d6 $1 10. Bd2 {A33: Symmetrical English: 2 Nf3 Nf6 3 d4 cxd4 4 Nxd4 e6 5 Nc3 Nc6.} O-O 11. f4 {11.Bg2 is becoming the main line.} Nc6 {[#]} 12. Be3 $146 (12. O-O-O $11 {keeps the balance.}) ({Predecessor:} 12. Bg2 a5 13. Be3 Qc7 14. O-O Bxc3 15. bxc3 a4 16. Nd4 Na5 17. c5 Qxc5 18. Rfd1 {0-1 (35) Harsha,B (2509)-Kozak,A (2503) Chess.com INT 2020}) 12... Qc7 (12... Bxc3+ $17 13. bxc3 Qc7) 13. Bg2 (13. Bd2 $1 $11) 13... Bxc3+ $15 14. bxc3 e5 (14... b6 $5 {[%cal Rc8a6]}) 15. O-O b6 $1 16. f5 Ba6 $1 17. Bg5 Rfc8 18. Rfd1 (18. Bxf6 $11 gxf6 19. Rf2) 18... Nd8 (18... Ne8 $17) 19. Bxf6 $11 gxf6 20. Bf1 (20. Qg4+ $11 Kf8 21. Qh4) 20... Nb7 $1 $15 {[%cal Ra6c4]} 21. Nd2 Kf8 22. Kg2 (22. Rab1 $11) 22... Ke7 (22... Na5 $1 $15) 23. Rab1 $11 Qc6 24. Rb4 Nc5 {[%cal Oh7h5]} 25. Qe3 Bb7 {[%cal Rc5e4]} 26. Re1 Rc7 (26... Rg8 $15) 27. Qh6 Rh8 28. Kh3 (28. Rb2 $11) 28... Qe8 29. Re3 Qg8 30. Be2 Qg5 31. Qxg5 fxg5 32. Kg2 Nd7 33. Kf2 Nf6 34. h3 Rc5 35. Ra4 Ra8 36. Bd3 Rc7 {Black is more active.} 37. Rb4 Nd7 38. Re1 Rac8 39. Bf1 Nb8 40. Ra4 Bc6 {[%cal Bb7c6,Bc6e8,Be8f7,Bf7c4][%mdl 32]} 41. Rb4 Be8 42. Rb2 f6 43. Be2 Bf7 44. Nf1 ({White should play} 44. g4 $15) 44... Bxc4 $17 45. Bxc4 Rxc4 46. Ne3 Ra4 47. Nd5+ Kf7 48. Rd2 Na6 49. h4 $2 {[#]} (49. Kf3 {was necessary.}) 49... g4 50. Ne3 $2 (50. Kf1) 50... Nc5 $19 {Black is clearly winning.} 51. Nxg4 h5 52. Nxf6 Kxf6 53. Rxd6+ Ke7 54. Rh6 Nd3+ {Weighted Error Value: White=0.47/Black=0.16 (very precise)} 0-1

[Event "New York Winter Invitational GM-B 2022"]
[Site "New York"]
[Date "2022.01.16"]
[Round "6.3"]
[White "Perez, Robert"]
[Black "Korley, Kassa"]
[Result "1-0"]
[WhiteElo "2362"]
[BlackElo "2394"]
[Annotator "TA"]
[PlyCount "51"]
[EventDate "2022.01.11"]
[EventType "tourn"]
[EventCountry "USA"]
[SourceTitle "playchess.com"]
[Source "ChessBase"]
[SourceQuality "1"]

{[%evp 10,51,-12,-27,-24,-21,-17,-13,-7,-67,-60,-66,-63,-60,-51,-71,-27,-39,0,0,0,0,53,41,56,57,50,45,115,109,92,111,290,282,350,358,750,750,749,745,907,849,1252,889]} 1. Nf3 c5 2. c4 Nc6 3. g3 g6 4. d4 cxd4 5. Nxd4 Bg7 6. Nc2 d6 {6...d6 scores better than 6...Nf6. A30: Symmetrical English: Double Fianchetto and Hedgehog.} 7. Bg2 h5 8. h3 {[#]} Bd7 $146 {The position is equal.} ({Predecessor:} 8... Be6 9. Ne3 Qd7 10. Nd2 Rc8 11. Rb1 Nf6 12. Ndf1 O-O 13. b3 b5 14. cxb5 Nb4 15. a4 Bf5 16. Rb2 Ne4 17. Bxe4 Bxe4 18. f3 Bxf3 {0-1 (18) Ionescu,C (2492)-Avrukh,B (2625) Istanbul 2000}) 9. Nc3 ({White should play} 9. Ne3 $11) 9... Bxc3+ $15 10. bxc3 b6 11. O-O Rc8 12. Ne3 {[%cal Oc4c5]} Nf6 ({Better is} 12... Na5 $17) 13. Nd5 $11 Nxd5 (13... Be6 {is more complex.} 14. e4 Ne5 15. Bg5 Rxc4 16. f4 Ned7) 14. cxd5 Na5 15. Be3 $36 {[%mdl 2048] White has some pressure.} Rc4 (15... O-O $11) 16. Bd4 f6 17. f4 Qc8 18. Kh2 Rg8 (18... Ra4 $14) 19. e4 $16 f5 20. Qe2 {Rae1 is the strong threat.} h4 $2 {[#] A mistake that costs the game.} (20... fxe4 $16 21. Bxe4 (21. Qxe4 Bf5 $14) 21... Bf5) 21. gxh4 $18 {Threatens to win with Rae1.} fxe4 22. Rae1 ({Resist} 22. Bxe4 Rxc3 23. Bxc3 Qxc3 $18) ({Weaker is} 22. Qxe4 Bf5 23. Qe2 Kd8 $18) 22... Bf5 (22... Kd8 23. Bxe4 Kc7) 23. Bxe4 {White is clearly winning.} Rc7 24. h5 Bxe4 25. Qxe4 gxh5 26. f5 {Weighted Error Value: White=0.09 (flawless) /Black=0.32} 1-0

[Event "New York Winter Invitational GM-B 2022"]
[Site "New York"]
[Date "2022.01.16"]
[Round "6.4"]
[White "Mandizha, Farai"]
[Black "Tian, Eddy"]
[Result "0-1"]
[WhiteElo "2377"]
[BlackElo "2411"]
[Annotator "TA"]
[PlyCount "94"]
[EventDate "2022.01.11"]
[EventType "tourn"]
[EventCountry "USA"]
[SourceTitle "playchess.com"]
[Source "ChessBase"]
[SourceQuality "1"]

{[%evp 12,94,0,0,17,-29,-27,-36,-15,-12,-14,-25,-13,-26,0,-13,0,0,17,0,24,0,0,-11,-10,-41,-63,-79,-41,-45,-39,-41,-40,-45,-39,-43,-28,-37,-30,-44,-37,-44,-44,-52,-52,-55,-37,-41,-41,-41,0,0,6,4,6,39,17,0,0,0,0,0,0,0,0,-597,-572,-778,-705,-1032,-1029,-29975,-29958,-29992,-29993,-29993,-29994,-29994,-29995,-29995,-29996,-29996,-29997,-29997,-29998]} 1. d4 d5 2. Nf3 e6 3. c4 Nf6 4. Nc3 Bb4 5. Qa4+ Nc6 6. a3 Bxc3+ 7. bxc3 Ne4 {D38: Queen's Gambit Declined: Ragozin Defence (4 Nf3 Bb4).} 8. Qc2 {8.Bf4 gains popularity.} (8. cxd5 $142 exd5 9. c4) 8... Na5 $11 9. e3 b6 {Black is slightly better.} 10. cxd5 exd5 11. Bd3 O-O 12. O-O Bf5 {[#]} 13. Ne5 $146 {And now f3 would win.} ({Predecessor:} 13. Ne1 Bg6 14. f3 Nd6 15. Bxg6 hxg6 16. e4 dxe4 17. fxe4 c5 18. Nf3 cxd4 19. cxd4 {1-0 (41) Maric,A (2480)-Matveeva,S (2460) Belgrade 1998}) 13... f6 14. Nf3 Qe7 15. a4 c5 {[%cal Bc7c5,Bc5c4][%mdl 32]} 16. Nh4 Bd7 17. f3 {[#]} f5 18. g3 ({Don't play} 18. fxe4 fxe4 19. Ba6 Rxf1+ 20. Bxf1 Qxh4 21. dxc5 bxc5 $17) (18. Nxf5 $5 Bxf5 19. fxe4 Bxe4 20. Bxe4 Rxf1+ 21. Kxf1 dxe4 22. Qa2+ Qf7+ 23. Qxf7+ Kxf7 24. Ke2 $11) (18. Nxf5 Bxf5) 18... Nd6 {Pair of Knights!} 19. Ng2 c4 {Black is more active.} 20. Be2 Nb3 21. Ra2 Nxc1 22. Qxc1 g5 23. Bd1 Kh8 24. Qa3 Rac8 25. Re1 Rf6 26. Rae2 {[%cal Oe3e4]} Qf7 27. a5 b5 28. Bc2 Qh5 {aiming for ...Rh6.} 29. Rf1 Rh6 30. Ne1 $1 Qh3 (30... Qf7 $15 {feels stronger.}) 31. Rff2 Rf6 32. e4 fxe4 33. fxe4 Rcf8 (33... Nxe4 $2 34. Bxe4 Rxf2 35. Rxf2 $18) 34. Rxf6 Rxf6 $40 {[%csl Gh3][%cal Rf6f1][%mdl 128] White needs to defend precisely.} 35. Rf2 {Prevents Rf1+.} Rxf2 (35... Nxe4 $2 36. Bxe4 (36. Rxf6 Nxf6 37. Qf8+ Ng8 $16) 36... Rxf2 37. Kxf2 $18) 36. Kxf2 Qe6 (36... Nxe4+ $2 37. Bxe4 Qh6 {[#]} 38. Qe7 $1 dxe4 39. Qd8+ Be8 40. Qxe8+ $18) 37. e5 {Inhibits Qf6+.} Qf7+ $1 38. Ke3 $2 {[%mdl 8192] [#]} (38. Kg2 $1 $11 {and White is okay.}) 38... Qf1 $1 $19 39. Kd2 (39. Nf3 b4) 39... Ne4+ ({Weaker is} 39... Qf2+ 40. Kc1 Ne4 41. Bxe4 dxe4 42. Nc2 $11) 40. Bxe4 dxe4 41. Nc2 Bg4 {Black mates.} 42. d5 Qd1+ 43. Ke3 Qd3+ 44. Kf2 Qxc2+ 45. Kg1 Qd1+ 46. Kf2 Qf3+ 47. Kg1 Bh3 {Weighted Error Value: White=0.50/Black=0.06 (flawless)} 0-1